Los mundos de la ciencia : del Big Bang al 11 de septiembre /

Kaydedildi:
Detaylı Bibliyografya
Yazar: Sánchez Ron, José Manuel (autor)
Materyal Türü: Kitap
Dil:İspanyolca
Baskı/Yayın Bilgisi: Madrid, España : Espasa-Calpe, 2002, c2002
Seri Bilgileri:(Espasa Fórum)
Konular:
Etiketler: Etiketle
Etiket eklenmemiş, İlk siz ekleyin!

MARC

LEADER 00000nam^a2200000^a^4500
001 000183628
005 20250521000000.0
009 20260310102048.024
020 |a 84-670-0326-X 
037 |a Acervo ITESO - Biblioteca 
041 |a ESP 
082 |a 509.  |b SAN 
100 |a Sánchez Ron, José Manuel  |e (autor) 
245 1 4 |a Los mundos de la ciencia :  |b del Big Bang al 11 de septiembre /  |c J.M. Sánchez Ron. 
264 4 |a Madrid, España :  |b Espasa-Calpe,  |c 2002, c2002 
300 |a 327 p. 
336 |a texto  |b txt  |2 rdacontenido 
337 |a sin mediación  |b n  |2 rdamedio 
338 |a volumen  |b nc  |2 rdasoporte 
440 1 |a (Espasa Fórum) 
649 |a XX 
650 |a Científicos 
650 |a Mujeres 
650 |a Universo 
650 |a Teoría de la Gran Explosión 
650 |a Creación 
650 |a Cosmología 
650 |a Vida (Biología) 
650 |a Cerebro 
650 |a Conducta 
650 |a Método Científico 
650 |a Cambios Sociales y Culturales -  |x Historia 
650 |a Psicología 
650 |a Lógica 
650 |a Tecnología y Sociedad -  |x Historia 
650 |a Desarrollo Tecnológico -  |x Historia 
650 |a Ciencia y Desarrollo -  |x Historia 
650 |a Religión y Ciencia 
650 |a Ciencia -  |x Investigación 
650 |a Ciencia -  |x Historia 
650 |a Witten, Edward 
650 |a Wiles, Andrew 
650 |a Nash, John Forbes 
650 |a Gell-Mann, Murray 
650 |a Lorenz, Edward 
650 |a Teller, Edward 
650 |a Sagan, Carl 
650 |a Hawking, Stephen W. 
650 |a Gould, Stephen Jay 
650 |a Watson, James Dewey 
650 |a Venter, Craig 
650 |a Wilmut, Ian 
650 |a Antinori, Severino 
910 |a Fondo General 
920 |a Impresos - Libros 
930 |a Colección General 
905 |a 101 
901 |a 0500123980  |b IT1  |c ACC  |u 20250521 
902 |a https://opac.biblio.iteso.mx/vufind/Record/000183628